Countries With The Most Romanian Ancestry - Statistics

General Stats
  • This quiz has been taken 28 times
  • The average score is 21 of 25
Answer Stats
Total Country % Correct
1,14 mil Germany
100%
1,62 mil Italy
100%
550,000 United Kingdom
100%
286,000 Canada
96%
14,80 mil Romania
96%
620,300 Spain
96%
149,500 Ukraine
96%
425,720 United States
96%
155,700 Austria
91%
56,700 Portugal
91%
62,300 Sweden
91%
36,700 Switzerland
91%
133,400 France
87%
44,600 Greece
87%
48,350 Netherlands
87%
27,810 Norway
87%
28,900 Australia
83%
101,000 Belgium
83%
2,04 mil Moldova
83%
42,600 Ireland
78%
30,900 Hungary
74%
90,000 Argentina
70%
42,410 Denmark
70%
315,200 Brazil
65%
86,200 Israel
43%
No matching quizzes found
Score Distribution
Percent of People with Each Score
Percentile by Number Answered
Your Score History
You have not taken this quiz